01781nam a2200325Ia 450000500170000000800410001702000510005802000630010902000900017202000900026202000910035204000820044304100080052510000300053324501120056326000470067530000180072249000220074050000220076250502410078450500880102550501010111365000170121465000440123165000470127565000250132265000150134770000390136276500540140120140903173744.0131210s2011 sp fr 001 0dspa  a8425418895 (De la 2 edición de Herder 1999) a844930685X (V.3 de la editorial Paidós Orientalia (1999) a9788449324314 (V.1 de la serie Paidós Orientalia (Presentación octubre 2010-2011) a978844932503 (V.2 de la serie Paidós Orientalia (Presentación octubre 2010-2011) a9788449326325 (V.3 de la serie Paidós Orientalia (Presentación octubre 2010-2011) aCO-BoUCMbspacJavier Garzón (modificó)dAldemar Mondragón (modificó)00aspa1 aEliade, Mircead1907-198610aHistoria de las creencias y de las ideas religiosascMircea Eliade ; traducción de Jesús Valiente Malla aBarcelona (España)bPaidósc2010g2011 a3 volúmenes aPaidos orientalia aIncluye índices0 gV.1tDe la edad de piedra a los misterios de EleusisgV.2tDe Gautama Buda al triunfo del cristianismo. --gV.3tDe Mahoma a la era de las reformasrDe la serie Paidós Orientalia (1a edición en esta presentación octubre 2010-2011)0 gV.3tDe Mahoma a la era de las reformasrDe la editorial Paidós Orientalia (1999)0 tDesde la época de los descubrimientos hasta nuestros díasrDe la 2 edición de Herder 1999 7aFexHistoria 7aReligiónvAspectos socialesxHistoria 7aReligiónxAspectos políticosxHistoria 7aReligiónxHistoria 7aTeología1 aValiente Malla, Jesúsetraductor0 tHistoire des croyances et des idées religieuses